00510nam a2200229Ia 450000500170000000800460001702000180006303700100008104000080009104000080009904000080010704100080011504100080012308400080013110000160013924500270015526000230018226000090020536500050021436500080021985600530022720260324125818.0008 260324s9999 xx 000 0 eng d a9781003071129 aEBOOK aCRL beng cCRL 2eng aeng qCRL aJill Morgan 0aAspects of Housing Law bTaylor and Francis c2008 a b300 uhttp://www.taylorfrancis.com/books/9781003071129